|
|
|
|
| LEADER |
01388nam a2200385 a 4500 |
| 001 |
nkc20051580415 |
| 003 |
CZ PrNK |
| 005 |
20051216091827.0 |
| 007 |
ta |
| 008 |
050831s2005 xr a e f 000 0 cze |
| 015 |
|
|
|a cnb001580415
|
| 020 |
|
|
|a 80-253-0183-4
|q (kroužková vazba)
|
| 035 |
|
|
|a (OCoLC)85161863
|
| 040 |
|
|
|a BOA001
|b cze
|d ABA001
|
| 072 |
|
7 |
|a 641
|x Kuchařství. Potraviny. Vařená jídla
|2 Konspekt
|9 19
|
| 080 |
|
|
|a 641.55
|2 MRF
|
| 080 |
|
|
|a (083.12)
|2 MRF
|
| 245 |
0 |
0 |
|a Praktická Prima vařečka /
|c [fotografie Dalibor Michalčík]
|
| 250 |
|
|
|a 1. vyd.
|
| 260 |
|
|
|a Havlíčkův Brod :
|b Fragment,
|c 2005
|
| 300 |
|
|
|a 114 s. :
|b barev. il. ;
|c 23 x 31 cm
|
| 500 |
|
|
|a Sestaveno z receptů z pořadu Prima TV "Tescoma Prima vařečka"
|
| 500 |
|
|
|a V kartonovém pouzdru
|
| 650 |
0 |
7 |
|a jídla
|7 ph114847
|2 czenas
|
| 650 |
0 |
9 |
|a meals
|2 eczenas
|
| 655 |
|
7 |
|a kuchařské recepty
|7 fd132687
|2 czenas
|
| 655 |
|
9 |
|a cookbooks
|2 eczenas
|
| 700 |
1 |
|
|a Michalčík, Dalibor
|7 ola2003193821
|4 pht
|
| 710 |
2 |
|
|a Televize Prima
|7 kn20030311019
|
| 856 |
4 |
1 |
|u http://www.digitalniknihovna.cz/mzk/uuid/uuid:288c36b0-ab26-11f0-8601-5ef3fc9bb22f
|y Digitalizovaný dokument
|x NDK
|
| 910 |
2 |
|
|a BOA001
|b 4-1159.184
|
| 990 |
|
|
|a BK
|
| 995 |
|
|
|a 01
|
| 991 |
|
|
|b 200511
|c NOV
|
| 996 |
6 |
|
|b 2610261750
|c 4-1159.184
|l MZK
|r Sklad / do 1 hodiny
|n 1
|p p.v.
|w 000794306
|u 000010
|a 1
|e BOA001
|j MZK50
|s P
|